Score 0/66 Timer 08:00
2 Plays Today
Clue 4-Letter Word % Correct
• The Genie lives in this •• LAMP •
95.3%
• Song: 'You ain't never had a friend ______ me' •• LIKE •
94.9%
• 'Rule # 2: I can’t make anybody fall in ______ with anybody else' •• LOVE •
93.6%
Movie: 'It’s a Wonderful _____'LIFE
91.9%
Body of waterLAKE
91.9%
• 'Rule# 3: I can’t bring people back from the _____' •• DEAD •
91.5%
Alcoholic drink from grapesWINE
91.1%
• One of the three that the Genie grants •• WISH •
90.9%
• 'Rule# 1: I can’t _____ anybody' •• KILL •
89.5%
Walk with difficultyLIMP
89.4%
Scottish skirtKILT
89%
Intelligent, like an owlWISE
88.7%
• 'Jasmine? I’m sorry I _____ to you about being a prince' •• LIED •
88.1%
Site for depositing rubbishDUMP
88%
Clean with waterWASH
87.9%
Weak, as an excuseLAME
87.9%
MoistDAMP
87.7%
• 'Ten thousand years will give you such a crick in the ______' •• NECK •
87.4%
MoneyCASH
87.4%
Looney Tunes character _____ E. CoyoteWILE
87.2%
• 'It begins on a ____ night, where a ____ man waits, with a _____ purpose' •• DARK •
87.1%
Quick kiss, usually on the cheekPECK
87.1%
• The _____ of Wonders •• CAVE •
86.9%
Solitary, like a certain RangerLONE
86.6%
QueueLINE
86.4%
• Song: 'I can _____ you the world' •• SHOW •
86.1%
• 'You’re speechless, I see. A fine quality in a ______' •• WIFE •
86.1%
Knighted womanDAME
85.9%
Floor of a shipDECK
85.9%
• 'Face it Jafar. You’re still just second ____' •• BEST •
85.6%
Legal document of ownership of propertyDEED
85.5%
Peruse a bookREAD
85.4%
Small bay or inletCOVE
85.4%
Clue 4-Letter Word % Correct
Fired a gunSHOT
85.4%
Ceramic square or Scrabble pieceTILE
85.2%
HighwayROAD
85.2%
Highest point, like that of a mountainPEAK
85%
• Iago's mouth •• BEAK •
84.6%
SlantTILT
84.6%
Heavy footwearBOOT
84.3%
Photos, for shortPICS
84.3%
Prong of a forkTINE
84.1%
Ocean vesselBOAT
83.5%
Former US Vice President CheneyDICK
83.5%
Subservient means to be at someone's _______ and callBECK
83.4%
Chimney depositSOOT
83.3%
Court proceedingCASE
82.3%
Annoying person or insectPEST
82.2%
Fruit-filled dessertsPIES
82.2%
• 'She's smart, fun. The hair, the eyes. Anything. ______ a feature' •• PICK •
82%
Climbing plantVINE
81.8%
A small cut or notchNICK
81.5%
DefeatBEAT
81.5%
ChallengeDARE
81.5%
InvoiceBILL
81.4%
Like the Piper of HamelinPIED
80.7%
Darkened like a fontBOLD
80.1%
Fuel from bogsPEAT
79.8%
___ Certification for green buildingsLEED
78.4%
• Song: 'One ____ Ahead' •• JUMP •
77.7%
• 'That’s Sultan _____ betrayer to you!' •• VILE •
76.7%
A bit of a cotton plantBOLL
75.7%
• 'Whoever has the ______ makes the rules' •• GOLD •
71.4%
Slender, trim, delicateJIMP
68.4%
Below betterGOOD
66.1%
A crossROOD
64.7%

Today's Daily Dose

Come Together.
Have Fun.
All Virtual.
We all need to come together. Play Sporcle's virtual live trivia to have fun, connect with people, and get your trivia on. Join a live hosted trivia game for your favorite pub trivia experience done virtually. If a virtual private party is more your thing, go here for details.

You're not logged in!

Compare scores with friends on all Sporcle quizzes.
OR
Log In

Sporcle TV

Today on Sporcle TV


Watch our educational content, quiz creation guides, and fun videos on Sporcle TV.

Show Comments

Extras

Top Quizzes Today


Score Distribution

Paid Content

Your Account Isn't Verified!

In order to create a playlist on Sporcle, you need to verify the email address you used during registration. Go to your Sporcle Settings to finish the process.

Report this User

Report this user for behavior that violates our Community Guidelines.

Details: